000 00495nam a22001697a 4500
003 OSt
005 20140310181808.0
008 130704t xxu||||| |||| 00| 0 eng d
050 _aAG 195
_b.M478 1997
082 _aREF 793.73
_bM21 1997
245 _a500 Questions and Answers :
_ba treasury of colourful and fascinating facts /
_cAnne Mckie
260 _aLondon :
_bGrandreams Limited,
_cc1997.
521 _aBasic Ed. Students
541 _j1
562 _e1
942 _2lcc
_cBK-GR
_kREF
999 _c3845
_d3845